| 000 | 00437nam a2200193Ia 4500 | ||
|---|---|---|---|
| 005 | 20240823013110.0 | ||
| 008 | 240823s9999||||xx |||||||||||||| ||und|| | ||
| 020 | _a0-07-099329-7 | ||
| 041 | _aENGLISH | ||
| 082 | _A621.992 P3 | ||
| 100 | _aHiram E Grant | ||
| 245 | 0 | _aJigs and Fixures | |
| 250 | _a1st | ||
| 260 |
_c2003 _b"TMH,New Delhi" |
||
| 500 | _aYES | ||
| 650 |
_aClamping _bMechanical |
||
| 942 | _cBK | ||
| 999 |
_c166285 _d166285 |
||